000 00438pab a2200169 454500
008 180718b2017 xxu||||| |||| 00| 0 eng d
100 _aKundu, Amitabh
245 _aHousing for the urban poor?: changes in credit-linked subsidy
260 _c2017
300 _ap.105-110.
362 _a30 Dec
650 _aUrban poor
650 _aHousing
700 _aKumar, Arjun
773 _aEconomic and Political Weekly
909 _a116730
999 _c116724
_d116724